000 00323nam a22001457a 4500
008 230612b ||||| |||| 00| 0 eng d
020 _a9780323045827
041 _aeng
080 _2SIXTH EDITION
_a159.9
082 _a159.9STA
100 _a25
101 _aPSI
245 _aPHYSIOLOGY
_cSTANTON.A.B
942 _2udc
_cBK
999 _c59932
_d59932